| 000 | 00658nam a2200217 a 4500 | ||
|---|---|---|---|
| 003 | OSt | ||
| 005 | 20210906150015.0 | ||
| 008 | 090824s2006 a 000 spa d | ||
| 020 | _a999342286X | ||
| 040 |
_aDO-SdBNP _bspa _cBNPHU |
||
| 082 | 4 |
_22 _a344.04121 _bC352n |
|
| 100 | 1 |
_aCastillo Juan, Pedro, _d1950- _910799 |
|
| 245 | 1 |
_aNotas sobre demandas médicas / _cPedro Castillo Juan |
|
| 260 |
_c2006. _aSanto Domingo ; |
||
| 300 |
_a200 p. : _bil. ; _c21 cm. |
||
| 504 | _aBibliografĂa : p. 99-200 | ||
| 590 | _aInventariado, 2021/BT | ||
| 650 | 4 |
_aPersonal medico _xResponsabilidad profesional _935545 |
|
| 910 | _aInventariado, 2021/MFF | ||
| 942 |
_2ddc _cLBS1 |
||
| 999 |
_c5677 _d5677 |
||